NCAA Institutions in Wisconsin - Statistics

General Stats
  • This quiz has been taken 45 times
  • The average score is 15 of 30
Answer Stats
Conference School Team Name % Correct
Division I Big Ten Wisconsin-Madison Badgers
100%
Division I Horizon Wisconsin-Milwaukee Panthers
100%
Division I Horizon Wisconsin-Green Bay Phoenix
95%
Division I Big East Marquette Golden Eagles
92%
Division III WIAC Wisconsin-Whitewater Warhawks
78%
Division III WIAC Wisconsin-Eau Claire Blugolds
76%
Division III UMAC Wisconsin-Superior Yellow Jackets
73%
Division III WIAC Wisconsin-Oshkosh Titans
65%
Division II GLIAC Wisconsin-Parkside Rangers
65%
Division III WIAC Wisconsin-Stevens Point Pointers
65%
Division III WIAC Wisconsin-La Crosse Eagles
59%
Division III WIAC Wisconsin-Platteville Pioneers
57%
Division III CCIW Carroll Pioneers
51%
Division III WIAC Wisconsin-River Falls Falcons
51%
Division III WIAC Wisconsin-Stout Blue Devils
49%
Division III NACC St. Norbert Green Knights
43%
Division III Midwest Lawrence Vikings
41%
Division III Midwest Beloit Buccaneers
38%
Division III CCIW Carthage Firebirds
38%
Division III NACC Milwaukee School of Engineering Raiders
38%
Division III Midwest Ripon Red Hawks
35%
Division III NACC Concordia-Wisconsin Falcons
32%
Division III NACC Lakeland Muskies
32%
Division III NACC Edgewood Eagles
30%
Division III NACC Wisconsin Lutheran Warriors
30%
Division III NACC Marian Sabres
19%
Division III NACC Alverno Inferno
16%
Division III UMAC Northland LumberJacks
16%
Division III Independent Maranatha Baptist Sabercats
14%
Division III Coast to Coast Mount Mary Blue Angels
14%
No matching quizzes found
Score Distribution
Percent of People with Each Score
Percentile by Number Answered
Your Score History
You have not taken this quiz